000 00660nam a2200193 a 4500
001 000014245
005 20200929163534.0
008 091208s1932 dr 001 0 spa d
040 _aDO-SdBNP
_bspa
_cBNPHU
082 _a367.97293
_bC758e
245 0 0 _aConstitución, estatuto y reglamentos del Club Oasis.
260 _aSanto Domingo :
_bJ. R. vda. García, Sucesores,
_c1932.
300 _a15 p. ;
_c23 cm.
650 4 _aEstatutos de sociedades
_932163
650 4 _aSociedades culturales
_xLegislación
_zRepública Dominicana
_932164
710 2 _aClub Oasis (República Dominicana)
_932165
910 _aValidado. Control de calidad EMS.
049 _aBNPD
999 _c13843
_d13843